| 000 | 00848cac a2200241 a 4500 | ||
|---|---|---|---|
| 003 | CO-PeBPM | ||
| 005 | 20250408122909.0 | ||
| 008 | 231129s1980||||ck a||||||||||||| ||spa|| | ||
| 020 | _a8425407710 | ||
| 040 |
_aCO-PeBPM _bspa _cCO-PeBPM _erda |
||
| 041 | _aspa | ||
| 082 | 0 | 4 |
_a150 P831c _222 |
| 100 | 1 | 0 |
_aPopp, Manfred _eautor |
| 245 | 1 | 0 |
_aLos conceptos fundamentales de la psicologia _c/ Manfred Popp |
| 260 |
_aBarcelona, España _b: Herder _c, c1980 |
||
| 300 |
_a268 paginas _bilustraciones en blanco y negro _c21,5 centímetros |
||
| 490 |
_aBiblioteca de Psicología _v61 |
||
| 500 | _aIncluye índice | ||
| 504 | _aIncluye Bibliografía al final del texto | ||
| 650 | 1 | 4 |
_aPsicología - Teorías _2LEMB |
| 942 |
_2ddc _cBK |
||
| 999 |
_c19563 _d19563 |
||